| 000 | 01226cam a2200373 a 4500 | ||
|---|---|---|---|
| 999 |
_c524064 _d524064 |
||
| 001 | 14177865 | ||
| 003 | NUST | ||
| 005 | 20190615073225.0 | ||
| 008 | 031117s2003 pk b 000 0 urdo | ||
| 010 | _a 2003344500 | ||
| 020 | _a9694740991 | ||
| 025 | _aP-U-2003344500; 11 | ||
| 035 | _a(DLC) 2003344500 | ||
| 038 | _awaseem | ||
| 040 |
_aDLC _cDLC |
||
| 042 | _alcode | ||
| 043 | _aa-pk--- | ||
| 050 | 0 | 0 |
_aDS380.A1 _bM29 2003 |
| 082 |
_a301.459 _bMAL |
||
| 100 | 1 |
_aMalik, Muẓaffar Ḥasan. _914886 |
|
| 245 | 1 | 0 |
_aNasliyāt-i Pākistān / _cMuẓaffar Ḥasan Malik. |
| 260 |
_aIslāmābād : _bMuqtadirah-yi Qaumī Zabān, _c2003. |
||
| 300 |
_a388 p. ; _c22 cm. |
||
| 490 | 1 |
_aSilsilah-yi mat̤būʻāt-i Muqtadirah ; _v408 |
|
| 504 | _aIncludes bibliographical references. | ||
| 520 | _aHistorical and analytical study on various social and ethnic groups in Pakistan. | ||
| 546 | _aIn Urdu. | ||
| 650 | 0 |
_aEthnology _zPakistan. _95375 |
|
| 650 | 0 |
_aSocial classes _zPakistan. _914887 |
|
| 830 | 0 |
_aSilsilah-yi mat̤būʻāt-i Muqtadirah-yi Qaumī Zabān ; _v408. _914888 |
|
| 906 |
_a7 _bcbc _corigode _d3 _encip _f20 _gy-gencatlg |
||
| 942 |
_2ddc _cBK |
||